000 00605nam a2200181Ia 4500
003 LK-CoDNM
008 010623t xxu||||| |||| 00| 1 sin d
040 _aLK-CoDNM
_dLK-CoDNM
_eLK-CoDNM
041 _asin
080 _a294.32 TRI
100 _aBuddagosha Thero,Aththakathacharya.
245 _aපපඤච සුදනී නම් වු මජ්ජිම නිකායට්ඨ කථා
246 _aPapaggnasudanee Nam U Majjima Nikayatta Kata Kata
260 _bBuddhist Cultural Centre
_aDehiwala
300 _b448p., 21 cm
700 _aSarathchandra,Vigithananda.
_etr.
942 _cBK
999 _c139130
_d139130